000 00706nam a2200193Ia 4500
003 GCL
008 140319s9999 xx 000 0 ara d
040 _aGCL /
_cGCL
082 0 4 _a135.3
_bع ت
100 1 _aعبدالغنى النابلسى، عبدالغنى بن اسماعيل، 1641-1731 م
245 1 0 _aتهذيب تعطير الانام فى تفسير الاحلام /
_cعبدالغنى النابلسى، عبدالغنى بن اسماعيل، 1641-1731 م
700 1 _aالسيد الجميلى
260 _aالقاهرة :
_bمكتبة مدبولى ،
_c1994
300 _a466ص ؛
_c25 سم
490 _a
650 0 4 _aالاحلام
650 0 4 _aتفاسير
942 _2ddc
_cBK
999 _c55021
_d55021